00630nam a2200205 a 4500001001300000003000900013005001700022008004100039020001000080082001400090100002900104245004900133260005100182300000900233500003500242505004600277505005900323650001300382700002900395nice12345678IN_TiNIC20260116011337.0050524s1907 phia grp 000 0 eng  ac10000a230bSTR1 aStrong, Augustus Hopkins aSystematic Theologyb Doctrine of Salvation. aPhiladelphiabGriffith and Rowland Pressc1907 a370p aincludes index and biblioraphy2 aThe assumption of Moses tr. by Ferrar a g2 aThe assumption of Moses tr. by Ferrar a g00gV3.tSyst aTheology1 aStrong, Augustus Hopkins